| 000 | 00477nam a2200181 a 4500 | ||
|---|---|---|---|
| 001 | 2593 | ||
| 003 | CDMR | ||
| 005 | 20130410131801.0 | ||
| 008 | 130130s1994||||||||||||||||||||||||||||d | ||
| 040 |
_aCDMR _bcat _cCDMR |
||
| 110 | 2 |
_aLa Veu del Priorat _91944 |
|
| 245 | 1 | 0 |
_aLlibre d'estil _cLa Veu del priorat |
| 260 |
_c1994 _bLa Veu del priorat |
||
| 300 |
_a22 [f] ; _c30 cm |
||
| 500 | _aExemplar fotocopiat | ||
| 650 | 0 | 4 |
_93086 _aPeriodisme _xManuals d'estil |
| 942 |
_cMON _2udc |
||
| 999 |
_c2593 _d2593 |
||